| 000 | 00354nam a2200121Ia 4500 | ||
|---|---|---|---|
| 008 | 230907s9999||||xx |||||||||||||| ||und|| | ||
| 082 | _a621.317,KEZ | ||
| 100 |
_aKezunovic, Mladen. _9115235 |
||
| 245 | 0 | _aDesign modeling and evaluation of protective relays for power systems/ | |
| 260 |
_aSpringer _bNew York _c2016 |
||
| 300 | _axx,297p.: | ||
| 942 | _cBK | ||
| 999 |
_c597919 _d597919 |
||